[Event "Turniej Blitza na II Lidze Juniorów 2018"]
[Site "Szczyrk, Poland"]
[Date "????.??.??"]
[Round "8.16"]
[White "Wojtasik, Szymon"]
[Black "Dytman, Radoslaw"]
[Result "1/2-1/2"]
[TimeControl "3'+2\""]
[WhiteElo "1323"]
[BlackElo "1841"]

1. e4 {[%clk 00:03:04]} c5 {[%clk 00:02:58]} {[%emt 00:00:06]} 2. Nf3 {[%clk
00:03:05]} {[%emt 00:00:01]} Nc6 {[%clk 00:02:59]} 3. d4 {[%clk 00:03:06]} cxd4
{[%clk 00:03:00]} {[%emt 00:00:01]} 4. Nxd4 {[%clk 00:03:07]} g6 {[%clk
00:03:02]} {[%emt 00:00:01]} 5. Be2 {[%clk 00:03:01]} {[%emt 00:00:09]} Bg7
{[%clk 00:03:00]} {[%emt 00:00:04]} 6. Nb3 {[%clk 00:03:02]} {[%emt 00:00:01]}
Nf6 {[%clk 00:02:49]} {[%emt 00:00:13]} 7. Nc3 {[%clk 00:03:03]} O-O {[%clk
00:02:47]} {[%emt 00:00:04]} 8. Be3 {[%clk 00:03:04]} d6 {[%clk 00:02:43]}
{[%emt 00:00:06]} 9. O-O {[%clk 00:03:04]} {[%emt 00:00:02]} Bd7 {[%clk
00:02:44]} {[%emt 00:00:01]} 10. Qd2 {[%clk 00:02:31]} {[%emt 00:00:35]} Ng4
{[%clk 00:02:38]} {[%emt 00:00:08]} 11. Bxg4 {[%clk 00:02:29]} {[%emt
00:00:05]} Bxg4 {[%clk 00:02:39]} {[%emt 00:00:02]} 12. Bh6 {[%clk 00:02:15]}
{[%emt 00:00:15]} Qd7 {[%clk 00:02:08]} {[%emt 00:00:32]} 13. Bxg7 {[%clk
00:02:16]} {[%emt 00:00:02]} Kxg7 {[%clk 00:02:09]} 14. f3 {[%clk 00:02:15]}
{[%emt 00:00:03]} Be6 {[%clk 00:02:02]} {[%emt 00:00:09]} 15. Nd4 {[%clk
00:02:09]} {[%emt 00:00:08]} Nxd4 {[%clk 00:01:56]} {[%emt 00:00:07]} 16. Qxd4+
{[%clk 00:02:11]} f6 {[%clk 00:01:57]} 17. Nd5 {[%clk 00:02:06]} {[%emt
00:00:07]} Rfc8 {[%clk 00:01:47]} {[%emt 00:00:12]} 18. c4 {[%clk 00:01:57]}
{[%emt 00:00:11]} b5 {[%clk 00:01:31]} {[%emt 00:00:18]} 19. cxb5 {[%clk
00:01:36]} {[%emt 00:00:23]} Qxb5 {[%clk 00:01:28]} {[%emt 00:00:04]} 20. Nxe7
{[%clk 00:01:34]} {[%emt 00:00:05]} Rd8 {[%clk 00:01:03]} {[%emt 00:00:27]} 21.
Nd5 {[%clk 00:01:16]} {[%emt 00:00:20]} Bxd5 {[%clk 00:01:04]} {[%emt
00:00:01]} 22. exd5 {[%clk 00:01:16]} {[%emt 00:00:01]} Re8 {[%clk 00:00:55]}
{[%emt 00:00:11]} 23. Rfe1 {[%clk 00:01:17]} {[%emt 00:00:02]} Re5 {[%clk
00:00:50]} {[%emt 00:00:06]} 24. Rxe5 {[%clk 00:01:04]} {[%emt 00:00:16]} fxe5
{[%clk 00:00:51]} {[%emt 00:00:01]} 25. Qd2 {[%clk 00:00:53]} {[%emt 00:00:12]}
Rc8 {[%clk 00:00:49]} {[%emt 00:00:04]} 26. b3 {[%clk 00:00:41]} {[%emt
00:00:15]} Rc5 {[%clk 00:00:42]} {[%emt 00:00:09]} 27. Rd1 {[%clk 00:00:39]}
{[%emt 00:00:04]} Qb6 {[%clk 00:00:40]} {[%emt 00:00:04]} 28. Kh1 {[%clk
00:00:38]} {[%emt 00:00:03]} Qc7 {[%clk 00:00:41]} 29. Qd3 {[%clk 00:00:30]}
{[%emt 00:00:10]} Rc2 {[%clk 00:00:36]} {[%emt 00:00:07]} 30. Rd2 {[%clk
00:00:24]} {[%emt 00:00:09]} Rc1+ {[%clk 00:00:21]} {[%emt 00:00:17]} 31. Rd1
{[%clk 00:00:25]} {[%emt 00:00:01]} Rc3 {[%clk 00:00:22]} {[%emt 00:00:01]} 32.
Qe2 {[%clk 00:00:19]} {[%emt 00:00:08]} Qa5 {[%clk 00:00:15]} {[%emt 00:00:09]}
33. Qd2 {[%clk 00:00:09]} {[%emt 00:00:11]} Qc5 {[%clk 00:00:13]} {[%emt
00:00:04]} 34. h3 {[%clk 00:00:07]} {[%emt 00:00:05]} Rc2 {[%clk 00:00:14]} 35.
Qd3 {[%clk 00:00:06]} {[%emt 00:00:03]} Rxa2 {[%clk 00:00:12]} {[%emt
00:00:04]} 36. Kh2 {[%clk 00:00:06]} {[%emt 00:00:02]} Rc2 {[%clk 00:00:11]}
{[%emt 00:00:03]} 37. Rd2 {[%clk 00:00:05]} {[%emt 00:00:03]} Rc3 {[%clk
00:00:12]} {[%emt 00:00:02]} 38. Qb1 {[%clk 00:00:05]} a5 {[%clk 00:00:10]}
{[%emt 00:00:03]} 39. Qa2 {[%clk 00:00:05]} {[%emt 00:00:02]} Qb4 {[%clk
00:00:11]} {[%emt 00:00:01]} 40. Qb2 {[%clk 00:00:05]} {[%emt 00:00:02]} Rxb3
{[%clk 00:00:07]} {[%emt 00:00:07]} 41. Qc2 {[%clk 00:00:06]} Rc3 {[%clk
00:00:06]} {[%emt 00:00:02]} 42. Qd1 {[%clk 00:00:06]} {[%emt 00:00:02]} Qc5
{[%clk 00:00:07]} {[%emt 00:00:02]} 43. Rd3 {[%clk 00:00:05]} {[%emt 00:00:03]}
Rc1 {[%clk 00:00:06]} {[%emt 00:00:03]} 44. Qe2 {[%clk 00:00:04]} {[%emt
00:00:03]} Qg1+ {[%clk 00:00:05]} {[%emt 00:00:03]} 45. Kg3 {[%clk 00:00:05]}
{[%emt 00:00:01]} Qe1+ {[%clk 00:00:06]} 46. Qxe1 {[%clk 00:00:06]} {[%emt
00:00:01]} Rxe1 {[%clk 00:00:07]} 47. Ra3 {[%clk 00:00:07]} {[%emt 00:00:01]}
Rd1 {[%clk 00:00:05]} {[%emt 00:00:04]} 48. Rxa5 Kf6 {[%clk 00:00:07]} 49. Rb5
{[%clk 00:00:09]} Kf5 {[%clk 00:00:07]} {[%emt 00:00:02]} 50. Kf2 {[%clk
00:00:10]} {[%emt 00:00:01]} h5 {[%clk 00:00:08]} {[%emt 00:00:02]} 51. Ke2
{[%clk 00:00:11]} {[%emt 00:00:01]} Rc1 {[%clk 00:00:08]} {[%emt 00:00:01]} 52.
Rb6 {[%clk 00:00:12]} {[%emt 00:00:02]} Rc2+ {[%clk 00:00:07]} {[%emt
00:00:03]} 53. Kf1 {[%clk 00:00:12]} {[%emt 00:00:01]} Kf4 {[%clk 00:00:04]}
{[%emt 00:00:05]} 54. Rxd6 {[%clk 00:00:11]} {[%emt 00:00:03]} Ke3 {[%clk
00:00:05]} 55. g4 {[%clk 00:00:07]} {[%emt 00:00:06]} Kxf3 {[%clk 00:00:05]}
{[%emt 00:00:02]} 56. Rf6+ {[%clk 00:00:08]} Ke4 {[%clk 00:00:05]} {[%emt
00:00:02]} 57. d6 {[%clk 00:00:09]} {[%emt 00:00:02]} Rd2 {[%emt 00:00:04]} 58.
gxh5 {[%clk 00:00:08]} {[%emt 00:00:02]} gxh5 {[%clk 00:00:05]} 59. Rh6 {[%clk
00:00:09]} {[%emt 00:00:01]} Kf4 {[%clk 00:00:04]} {[%emt 00:00:03]} 60. Ke1
{[%clk 00:00:10]} {[%emt 00:00:01]} Rd3 {[%clk 00:00:05]} {[%emt 00:00:01]} 61.
Rxh5 {[%clk 00:00:11]} {[%emt 00:00:02]} Rxd6 {[%clk 00:00:06]} 62. Rh8 {[%clk
00:00:11]} {[%emt 00:00:01]} Ke3 {[%clk 00:00:05]} {[%emt 00:00:03]} 63. h4
{[%clk 00:00:09]} {[%emt 00:00:03]} e4 {[%clk 00:00:06]} {[%emt 00:00:01]} 64.
h5 {[%clk 00:00:09]} {[%emt 00:00:03]} Ra6 {[%clk 00:00:06]} {[%emt 00:00:02]}
65. Kd1 {[%clk 00:00:05]} {[%emt 00:00:06]} Rf6 {[%clk 00:00:05]} {[%emt
00:00:03]} 66. Ke1 {[%clk 00:00:05]} {[%emt 00:00:01]} Rb6 {[%clk 00:00:04]}
{[%emt 00:00:03]} 67. Kd1 {[%clk 00:00:04]} {[%emt 00:00:04]} Rd6+ {[%clk
00:00:04]} {[%emt 00:00:02]} 68. Ke1 {[%clk 00:00:05]} {[%emt 00:00:01]} Kd3
{[%clk 00:00:06]} 69. h6 {[%clk 00:00:04]} {[%emt 00:00:03]} e3 {[%clk
00:00:05]} {[%emt 00:00:03]} 70. h7 {[%clk 00:00:06]} {[%emt 00:00:01]} e2
{[%clk 00:00:04]} {[%emt 00:00:03]} 71. Re8 {[%clk 00:00:06]} Ra6 {[%clk
00:00:03]} {[%emt 00:00:03]} 72. Rxe2 {[%clk 00:00:07]} {[%emt 00:00:01]} Ra1+
{[%clk 00:00:04]} 73. Kf2 {[%clk 00:00:08]} {[%emt 00:00:01]} Rh1 {[%clk
00:00:05]} 74. Re3+ {[%clk 00:00:08]} {[%emt 00:00:02]} Kd4 {[%clk 00:00:06]}
75. Rf3 {[%clk 00:00:04]} {[%emt 00:00:06]} Rxh7 {[%clk 00:00:06]} 1/2-1/2

[Event "Turniej Blitza na II Lidze Juniorów 2018"]
[Site "Szczyrk, Poland"]
[Date "????.??.??"]
[Round "8.3"]
[White "Klepek, Witold"]
[Black "Marczak, Szymon"]
[Result "1/2-1/2"]
[TimeControl "3'+2\""]
[WhiteElo "2035"]
[BlackElo "1855"]

1. e4 {[%emt 00:01:03]} b6 {[%emt 00:00:01]} 2. d4 {[%emt 00:00:02]} Bb7 3. f3
{[%emt 00:00:02]} e6 {[%emt 00:00:02]} 4. Be3 {[%emt 00:00:05]} d5 {[%emt
00:00:02]} 5. Nc3 {[%emt 00:00:01]} Bb4 {[%emt 00:00:02]} 6. Bd3 {[%emt
00:00:01]} Nf6 {[%emt 00:00:03]} 7. e5 {[%emt 00:00:01]} Nfd7 8. a3 {[%emt
00:00:04]} Be7 9. Nce2 {[%emt 00:00:02]} c5 {[%emt 00:00:02]} 10. c3 Nc6 {[%emt
00:00:02]} 11. Ng3 {[%emt 00:00:04]} g6 {[%emt 00:00:05]} 12. h4 {[%emt
00:00:01]} h5 {[%emt 00:00:02]} 13. Bg5 {[%emt 00:00:04]} Bxg5 {[%emt
00:00:04]} 14. hxg5 {[%emt 00:00:01]} Qxg5 {[%emt 00:00:04]} 15. Kf2 {[%emt
00:00:10]} cxd4 {[%emt 00:00:03]} 16. cxd4 Nxd4 {[%emt 00:00:06]} 17. Bxg6
{[%emt 00:00:17]} Qxg6 {[%emt 00:00:18]} 18. Qxd4 Rc8 {[%emt 00:00:11]} 19.
N1e2 {[%emt 00:00:02]} Nc5 {[%emt 00:00:13]} 20. Rad1 {[%emt 00:00:36]} Ba6
{[%emt 00:00:01]} 21. b4 {[%emt 00:00:17]} Na4 {[%emt 00:00:33]} 22. Nf4 {[%emt
00:00:17]} Rc2+ {[%emt 00:00:07]} 23. Rd2 Rxd2+ {[%emt 00:00:07]} 24. Qxd2
{[%emt 00:00:01]} Qg7 {[%emt 00:00:13]} 25. Ngxh5 {[%emt 00:00:15]} Qf8 {[%emt
00:00:22]} 26. Nf6+ {[%emt 00:00:07]} Ke7 {[%emt 00:00:03]} 27. Rxh8 {[%emt
00:00:09]} Qxh8 {[%emt 00:00:01]} 28. b5 Bb7 {[%emt 00:00:06]} 29. Ng4 {[%emt
00:00:41]} Nc5 {[%emt 00:00:02]} 30. Ne2 {[%emt 00:00:08]} Qh4+ {[%emt
00:00:04]} 31. g3 {[%emt 00:00:02]} Qh7 {[%emt 00:00:02]} 32. Qg5+ {[%emt
00:00:04]} Kf8 {[%emt 00:00:11]} 33. Qd8+ {[%emt 00:00:01]} Kg7 {[%emt
00:00:04]} 34. Kg2 {[%emt 00:00:27]} Qc2 {[%emt 00:00:11]} 35. Qf6+ {[%emt
00:00:05]} Kf8 {[%emt 00:00:04]} 36. Qd8+ {[%emt 00:00:03]} Kg7 37. Qf6+ Kf8
{[%emt 00:00:02]} 38. Nh6 {[%emt 00:00:11]} Qg6 {[%emt 00:00:02]} 39. Qxg6 fxg6
{[%emt 00:00:01]} 40. Nd4 Bc8 {[%emt 00:00:06]} 41. Ng4 Kf7 {[%emt 00:00:01]}
42. Kf2 {[%emt 00:00:03]} a6 {[%emt 00:00:04]} 43. Ke3 {[%emt 00:00:02]} axb5
{[%emt 00:00:03]} 44. Nxb5 Bd7 45. Nd6+ {[%emt 00:00:02]} Ke7 46. f4 {[%emt
00:00:04]} Nb3 {[%emt 00:00:08]} 47. Nf2 {[%emt 00:00:06]} Na5 48. Nd3 {[%emt
00:00:03]} Nc4+ {[%emt 00:00:03]} 49. Nxc4 dxc4 50. Nb4 {[%emt 00:00:03]} Kf7
{[%emt 00:00:06]} 51. Kd4 {[%emt 00:00:02]} b5 {[%emt 00:00:02]} 52. Nc2 {[%emt
00:00:01]} g5 {[%emt 00:00:03]} 53. Ne3 {[%emt 00:00:05]} Kg6 {[%emt 00:00:04]}
54. Kc5 gxf4 {[%emt 00:00:08]} 55. gxf4 {[%emt 00:00:01]} Kh5 {[%emt 00:00:09]}
56. Kd6 {[%emt 00:00:02]} Bc8 {[%emt 00:00:05]} 57. Kc7 Ba6 {[%emt 00:00:02]}
58. Kb6 Bc8 59. Kc7 Ba6 60. Kb6 1/2-1/2

[Event "Turniej Blitza na II Lidze Juniorów 2018"]
[Site "Szczyrk, Poland"]
[Date "????.??.??"]
[Round "8.61"]
[White "Kaminski, Jakub"]
[Black "Kucza, Kamil"]
[Result "0-1"]
[TimeControl "3'+2\""]
[WhiteElo "1147"]
[BlackElo "1208"]

1. e4 e5 {[%emt 00:00:01]} 2. Nf3 Nc6 3. Bc4 {[%clk 00:03:03]} h6 {[%clk
00:03:05]} {[%emt 00:00:02]} 4. Nc3 {[%clk 00:03:02]} {[%emt 00:00:03]} Nf6
{[%clk 00:03:06]} 5. d3 {[%clk 00:03:01]} {[%emt 00:00:03]} Bb4 {[%clk
00:03:06]} {[%emt 00:00:03]} 6. Bd2 {[%emt 00:00:02]} d6 {[%emt 00:00:01]} 7.
O-O {[%clk 00:03:02]} {[%emt 00:00:02]} Bg4 {[%clk 00:03:08]} {[%emt 00:00:01]}
8. Qe2 {[%clk 00:03:01]} {[%emt 00:00:02]} O-O {[%clk 00:03:07]} {[%emt
00:00:03]} 9. h3 {[%clk 00:02:59]} {[%emt 00:00:04]} Bh5 {[%clk 00:03:07]}
{[%emt 00:00:02]} 10. Qe3 {[%clk 00:02:48]} {[%emt 00:00:06]} Bc5 {[%clk
00:03:03]} {[%emt 00:00:12]} 11. Qe2 {[%clk 00:02:27]} {[%emt 00:00:22]} Nd4
{[%clk 00:03:02]} {[%emt 00:00:05]} 12. Qd1 {[%clk 00:02:27]} Nxf3+ {[%clk
00:03:01]} {[%emt 00:00:04]} 13. gxf3 {[%clk 00:02:26]} {[%emt 00:00:03]} a6
{[%clk 00:02:59]} {[%emt 00:00:06]} 14. Be3 {[%clk 00:01:57]} {[%emt 00:00:30]}
Bb4 {[%clk 00:02:54]} {[%emt 00:00:07]} 15. Kh2 {[%clk 00:01:50]} {[%emt
00:00:08]} Bxc3 {[%clk 00:02:53]} {[%emt 00:00:04]} 16. bxc3 c6 {[%emt
00:00:02]} 17. Rg1 {[%clk 00:01:49]} {[%emt 00:00:04]} Bg6 {[%clk 00:02:43]}
{[%emt 00:00:13]} 18. Bxh6 {[%clk 00:01:35]} {[%emt 00:00:15]} gxh6 {[%clk
00:02:40]} {[%emt 00:00:05]} 19. Rxg6+ {[%clk 00:01:36]} Kh7 {[%clk 00:02:39]}
{[%emt 00:00:04]} 20. Qg1 {[%clk 00:01:35]} {[%emt 00:00:03]} fxg6 {[%clk
00:02:37]} {[%emt 00:00:05]} 21. Qg2 {[%clk 00:01:08]} {[%emt 00:00:28]} d5
{[%clk 00:02:31]} {[%emt 00:00:09]} 22. exd5 {[%clk 00:01:06]} {[%emt
00:00:04]} cxd5 {[%emt 00:00:01]} 23. Bb3 a5 {[%clk 00:02:33]} {[%emt
00:00:01]} 24. Rg1 {[%clk 00:01:07]} {[%emt 00:00:02]} Rg8 {[%clk 00:02:32]}
{[%emt 00:00:02]} 25. c4 {[%clk 00:01:07]} {[%emt 00:00:03]} a4 {[%clk
00:02:30]} {[%emt 00:00:05]} 26. f4 {[%clk 00:00:31]} {[%emt 00:00:35]} exf4
{[%clk 00:02:11]} {[%emt 00:00:21]} 27. cxd5 {[%clk 00:00:25]} {[%emt
00:00:10]} axb3 {[%clk 00:02:12]} {[%emt 00:00:01]} 28. axb3 {[%clk 00:00:20]}
{[%emt 00:00:07]} Qxd5 {[%clk 00:02:10]} {[%emt 00:00:04]} 29. Qf1 {[%clk
00:00:17]} {[%emt 00:00:04]} Rac8 {[%clk 00:01:56]} {[%emt 00:00:16]} 30. c4
{[%clk 00:00:16]} {[%emt 00:00:05]} Qd6 {[%clk 00:01:46]} {[%emt 00:00:10]} 31.
f3 {[%clk 00:00:17]} Rcd8 {[%clk 00:01:45]} {[%emt 00:00:05]} 32. Qa1 {[%clk
00:00:10]} {[%emt 00:00:09]} Nh5 {[%clk 00:01:32]} {[%emt 00:00:15]} 33. Qa7
{[%clk 00:00:10]} {[%emt 00:00:03]} Qxd3 {[%clk 00:01:27]} {[%emt 00:00:06]} 34.
Qxb7+ {[%clk 00:00:11]} Rg7 {[%clk 00:01:28]} 35. Qb5 {[%clk 00:00:05]} {[%emt
00:00:09]} Qe2+ {[%clk 00:01:26]} {[%emt 00:00:04]} 36. Rg2 {[%clk 00:00:05]}
Qxf3 {[%emt 00:00:18]} 37. c5 Qe3 {[%clk 00:01:01]} {[%emt 00:00:12]} 38. c6
{[%clk 00:00:04]} {[%emt 00:00:06]} Rd2 {[%clk 00:00:59]} {[%emt 00:00:04]} 0-1

[Event "Turniej Blitza na II Lidze Juniorów 2018"]
[Site "Szczyrk, Poland"]
[Date "????.??.??"]
[Round "8.53"]
[White "Biesiadecki, Adam"]
[Black "Bochenek, Ryszard"]
[Result "1-0"]
[TimeControl "3'+2\""]
[WhiteElo "1346"]
[BlackElo "1205"]

1. e4 {[%clk 00:03:02]} {[%emt 00:00:01]} c5 {[%clk 00:03:04]} {[%emt
00:00:01]} 2. Nf3 {[%clk 00:03:02]} {[%emt 00:00:02]} Nc6 {[%clk 00:02:59]}
{[%emt 00:00:55]} 3. d4 {[%clk 00:03:03]} {[%emt 00:00:02]} cxd4 {[%clk
00:02:59]} 4. Nxd4 {[%emt 00:00:01]} e6 5. Nc3 {[%clk 00:03:03]} {[%emt
00:00:02]} a6 {[%clk 00:03:02]} 6. Be3 {[%clk 00:03:02]} {[%emt 00:00:02]} Nge7
{[%clk 00:03:03]} {[%emt 00:00:02]} 7. Be2 {[%clk 00:03:03]} {[%emt 00:00:01]}
g6 {[%clk 00:03:04]} 8. O-O {[%clk 00:03:03]} {[%emt 00:00:02]} Bg7 {[%clk
00:03:05]} {[%emt 00:00:01]} 9. f3 {[%clk 00:03:03]} {[%emt 00:00:02]} O-O
{[%clk 00:03:05]} {[%emt 00:00:02]} 10. g4 {[%clk 00:03:02]} {[%emt 00:00:02]}
f5 {[%clk 00:02:40]} {[%emt 00:00:28]} 11. Nxc6 {[%clk 00:03:03]} bxc6 {[%clk
00:02:37]} {[%emt 00:00:05]} 12. exf5 {[%clk 00:03:00]} {[%emt 00:00:05]} exf5
{[%clk 00:02:36]} {[%emt 00:00:03]} 13. Bd4 {[%clk 00:02:57]} {[%emt 00:00:04]}
fxg4 {[%clk 00:02:27]} {[%emt 00:00:12]} 14. Bxg7 {[%clk 00:02:57]} {[%emt
00:00:02]} Kxg7 {[%clk 00:02:28]} {[%emt 00:00:01]} 15. Qd4+ {[%clk 00:02:57]}
{[%emt 00:00:02]} Kg8 {[%clk 00:02:26]} {[%emt 00:00:03]} 16. Qxg4 {[%clk
00:02:57]} {[%emt 00:00:02]} d5 {[%clk 00:02:24]} {[%emt 00:00:04]} 17. Qh4
{[%clk 00:02:53]} {[%emt 00:00:06]} 1-0

[Event "Turniej Blitza na II Lidze Juniorów 2018"]
[Site "Szczyrk, Poland"]
[Date "????.??.??"]
[Round "8.46"]
[White "Krzysztynska, Anna"]
[Black "Straczek, Wiktoria"]
[Result "1-0"]
[TimeControl "3'+2\""]
[WhiteElo "1610"]
[BlackElo "1252"]

1. e4 {[%clk 00:03:02]} {[%emt 00:00:02]} d5 {[%clk 00:03:04]} 2. exd5 {[%clk
00:03:03]} {[%emt 00:00:01]} Qxd5 {[%clk 00:03:04]} {[%emt 00:00:01]} 3. Nc3
{[%clk 00:03:05]} {[%emt 00:00:01]} Qd6 {[%clk 00:03:05]} {[%emt 00:00:01]} 4.
d4 {[%clk 00:03:06]} a6 {[%clk 00:03:06]} {[%emt 00:00:02]} 5. Nf3 {[%clk
00:03:04]} {[%emt 00:00:04]} Nf6 {[%clk 00:03:07]} 6. g3 {[%clk 00:03:06]} Bg4
{[%clk 00:03:05]} {[%emt 00:00:03]} 7. Bg2 {[%clk 00:03:07]} {[%emt 00:00:01]}
Nc6 {[%clk 00:03:06]} {[%emt 00:00:01]} 8. O-O {[%clk 00:03:07]} {[%emt
00:00:02]} O-O-O {[%clk 00:03:06]} {[%emt 00:00:01]} 9. Bf4 {[%clk 00:03:08]}
{[%emt 00:00:01]} Qd7 {[%clk 00:03:06]} {[%emt 00:00:02]} 10. d5 {[%clk
00:01:57]} {[%emt 00:01:14]} Nxd5 {[%clk 00:02:57]} {[%emt 00:00:11]} 11. Nxd5
{[%clk 00:01:52]} {[%emt 00:00:06]} Qxd5 {[%clk 00:02:58]} {[%emt 00:00:02]} 12.
Qxd5 {[%clk 00:01:51]} {[%emt 00:00:03]} Rxd5 {[%clk 00:02:57]} {[%emt
00:00:02]} 13. Ne5 {[%clk 00:01:40]} {[%emt 00:00:14]} Rc5 {[%clk 00:02:46]}
{[%emt 00:00:12]} 14. Nxg4 {[%clk 00:01:39]} {[%emt 00:00:03]} Rxc2 {[%clk
00:02:45]} {[%emt 00:00:04]} 15. Rac1 {[%clk 00:01:33]} {[%emt 00:00:09]} Rxb2
{[%clk 00:02:43]} {[%emt 00:00:03]} 16. Bxc6 {[%clk 00:01:28]} {[%emt
00:00:08]} bxc6 {[%clk 00:02:43]} 17. Rxc6 {[%clk 00:01:28]} {[%emt 00:00:02]}
Rxa2 {[%clk 00:02:41]} {[%emt 00:00:04]} 18. Rxc7+ {[%clk 00:01:28]} {[%emt
00:00:02]} Kd8 {[%clk 00:02:40]} {[%emt 00:00:01]} 19. Rd1+ {[%clk 00:01:29]}
{[%emt 00:00:02]} 1-0

[Event "Turniej Blitza na II Lidze Juniorów 2018"]
[Site "Szczyrk, Poland"]
[Date "????.??.??"]
[Round "8.18"]
[White "Ciasnocha, Michal"]
[Black "Ulrych, Wojciech"]
[Result "0-1"]
[TimeControl "3'+2\""]
[WhiteElo "1396"]
[BlackElo "1901"]

1. d4 {[%clk 00:03:03]} Nf6 {[%clk 00:03:03]} {[%emt 00:00:01]} 2. c4 {[%clk
00:03:04]} g6 {[%clk 00:03:04]} {[%emt 00:00:02]} 3. Nc3 {[%clk 00:03:05]} Bg7
{[%clk 00:03:05]} {[%emt 00:00:01]} 4. e4 {[%clk 00:03:06]} {[%emt 00:00:01]}
d6 {[%clk 00:03:06]} {[%emt 00:00:01]} 5. f4 {[%clk 00:03:07]} c5 {[%clk
00:03:05]} {[%emt 00:00:03]} 6. d5 {[%clk 00:03:09]} O-O {[%clk 00:03:05]}
{[%emt 00:00:02]} 7. Nf3 {[%clk 00:03:11]} Nbd7 {[%clk 00:03:00]} {[%emt
00:00:06]} 8. Be2 {[%clk 00:03:12]} a6 {[%clk 00:02:47]} {[%emt 00:00:15]} 9.
a4 {[%clk 00:03:13]} {[%emt 00:00:01]} Re8 {[%clk 00:02:43]} {[%emt 00:00:06]}
10. O-O {[%clk 00:03:13]} {[%emt 00:00:02]} Nf8 {[%clk 00:02:35]} {[%emt
00:00:10]} 11. e5 {[%clk 00:03:10]} {[%emt 00:00:05]} dxe5 {[%clk 00:02:31]}
{[%emt 00:00:05]} 12. fxe5 {[%clk 00:03:11]} Ng4 {[%clk 00:02:32]} {[%emt
00:00:02]} 13. Bf4 {[%clk 00:03:12]} {[%emt 00:00:01]} f6 {[%clk 00:01:55]}
{[%emt 00:00:39]} 14. e6 {[%clk 00:03:07]} {[%emt 00:00:07]} g5 {[%clk
00:01:48]} {[%emt 00:00:09]} 15. Bd2 {[%clk 00:03:03]} {[%emt 00:00:05]} Qd6
{[%clk 00:01:42]} {[%emt 00:00:09]} 16. Ne4 {[%clk 00:02:55]} {[%emt 00:00:10]}
Qc7 {[%clk 00:01:40]} {[%emt 00:00:03]} 17. h3 {[%clk 00:02:43]} {[%emt
00:00:16]} Nh6 {[%clk 00:01:41]} 18. Be1 {[%clk 00:02:40]} {[%emt 00:00:05]}
Nf5 {[%clk 00:01:35]} {[%emt 00:00:08]} 19. Qd3 {[%clk 00:02:34]} {[%emt
00:00:06]} Ng6 {[%clk 00:01:19]} {[%emt 00:00:19]} 20. Nxf6+ {[%clk 00:02:29]}
{[%emt 00:00:07]} Bxf6 {[%clk 00:01:15]} {[%emt 00:00:06]} 21. Qxf5 {[%clk
00:02:29]} {[%emt 00:00:02]} Rf8 {[%clk 00:01:02]} {[%emt 00:00:15]} 22. Nxg5
{[%clk 00:02:26]} {[%emt 00:00:05]} Bd4+ {[%clk 00:01:02]} {[%emt 00:00:02]} 23.
Kh1 {[%clk 00:02:16]} {[%emt 00:00:13]} Rxf5 {[%clk 00:01:02]} {[%emt
00:00:02]} 24. Rxf5 {[%clk 00:02:17]} {[%emt 00:00:01]} Bxb2 {[%clk 00:00:54]}
{[%emt 00:00:09]} 25. Ra2 {[%clk 00:02:16]} {[%emt 00:00:03]} Bd4 {[%clk
00:00:54]} {[%emt 00:00:02]} 26. Rf7 {[%clk 00:02:17]} {[%emt 00:00:02]} Qe5
{[%clk 00:00:48]} {[%emt 00:00:08]} 27. Nf3 {[%clk 00:01:57]} {[%emt 00:00:22]}
Qe3 {[%clk 00:00:43]} {[%emt 00:00:06]} 28. Bg3 {[%clk 00:01:45]} {[%emt
00:00:13]} Ne5 {[%clk 00:00:28]} {[%emt 00:00:18]} 29. Bxe5 {[%clk 00:01:29]}
{[%emt 00:00:19]} Bxe5 {[%clk 00:00:28]} {[%emt 00:00:02]} 30. Nxe5 {[%clk
00:01:27]} {[%emt 00:00:04]} Qxe5 {[%clk 00:00:28]} {[%emt 00:00:01]} 31. Rxe7
{[%clk 00:01:27]} {[%emt 00:00:03]} Qf5 {[%clk 00:00:10]} {[%emt 00:00:20]} 32.
Bg4 {[%clk 00:01:01]} {[%emt 00:00:27]} Qb1+ {[%clk 00:00:10]} {[%emt
00:00:02]} 33. Kh2 {[%clk 00:01:00]} {[%emt 00:00:03]} Qxa2 {[%clk 00:00:11]}
{[%emt 00:00:01]} 34. Rc7 {[%clk 00:00:57]} {[%emt 00:00:05]} Qxc4 {[%clk
00:00:04]} {[%emt 00:00:09]} 35. d6 {[%clk 00:00:17]} {[%emt 00:00:42]} Qf4+
{[%clk 00:00:05]} {[%emt 00:00:02]} 36. Kg1 {[%clk 00:00:16]} {[%emt 00:00:02]}
Qxd6 {[%clk 00:00:05]} {[%emt 00:00:02]} 37. e7 {[%clk 00:00:15]} {[%emt
00:00:04]} Bxg4 {[%clk 00:00:06]} {[%emt 00:00:01]} 38. Rxb7 {[%clk 00:00:14]}
{[%emt 00:00:03]} Bd7 {[%clk 00:00:05]} {[%emt 00:00:03]} 0-1